| 000 | 01284nam a22003617a 4500 | ||
|---|---|---|---|
| 003 | CHAP | ||
| 005 | 20220329143404.0 | ||
| 008 | 090213s2008 mx r 00010 spa d | ||
| 010 | _a95863 | ||
| 011 | _a96835 | ||
| 035 | _a107492 | ||
| 040 | _cCHAP | ||
| 090 | _aTesis | ||
| 100 | 1 |
_aRocha Velázquez, Alfredo. _998199 |
|
| 245 | 1 | 0 |
_aHeterosis y depresión endogámica de cruzas dialélicas entre ocho líneas de maíz _c/por Alfredo Rocha Velázquez |
| 260 |
_aChapingo, Méx. : _bEl autor, _c2008 |
||
| 300 |
_aii, 62 h. : _bcuadros |
||
| 502 | _aTesis (Ing. Agr. Esp. en Fitotecnia) -- UACH. Departamento de Fitotecnia | ||
| 590 |
_aALEPH _b10 _c20130110 _lUCH01 _h1527 |
||
| 590 |
_aBATCH-UPD _b10 _c20130110 _lUCH01 _h0709 |
||
| 590 |
_aBATCH-UPD _b10 _c20130410 _lUCH01 _h0355 |
||
| 590 |
_aBATCH-UPD _b10 _c20130914 _lUCH01 _h1305 |
||
| 590 |
_aCONVERSION _b10 _c20130109 _lUCH01 _h1353 |
||
| 650 | 1 | 4 |
_aEndogamia. _936873 |
| 650 | 1 | 4 |
_aHeterosis. _955071 |
| 650 | 1 | 4 |
_aMaíz _xAnálisis. _970861 |
| 650 | 1 | 4 |
_aMaíz _xGenética. _970963 |
| 650 | 1 | 4 |
_aMaíz _xVariedades. _971081 |
| 901 | _aBK | ||
| 942 | _cFOLL | ||
| 949 |
_aTesis _bBC _cTES _d33724002082934 _eTS1 _gDonaciØn _h48917 _i107492 _sb |
||
| 949 |
_aTesis _bBC _cTES _d33724002082975 _eTS2 _fc.2 _gDonaciØn _h48918 _i107492 _sb |
||
| 999 |
_c95863 _d95863 |
||